Movies Quiz

Random Movies or Animation Quiz

Disney Animated Movies by GIF Quiz Stats

Quiz Updated Jan 10, 2016

Challenge
Share
Tweet
Score 0/24 Timer 08:00
3 Plays Today
% Correct
Cinderella
99.4%
Bambi
99.2%
Dumbo
97.3%
Beauty and the Beast
95.5%
Robin Hood
93.6%
Peter Pan
93.2%
The Little Mermaid
93.1%
Aladdin
92.4%
Frozen
91.9%
Pocahontas
90.6%
One Hundred and One Dalmatians
89.8%
The Hunchback of Notre Dame
89.6%
% Correct
The Aristocats
88%
Chicken Little
87.6%
Pinocchio
87.4%
The Fox and the Hound
87.3%
The Emperor's New Groove
82.2%
Bolt
81%
The Great Mouse Detective
65.1%
The Princess and the Frog
50.9%
Meet the Robinsons
48.3%
Treasure Planet
44.2%
The Black Cauldron
41.2%
Fantasia 2000
21.5%

You're not logged in!

Compare scores with friends on all Sporcle quizzes.
Join for Free
OR
Log In

You Might Also Like...

Show Comments

Extras

Top Quizzes Today


Score Distribution

Your Account Isn't Verified!

In order to create a playlist on Sporcle, you need to verify the email address you used during registration. Go to your Sporcle Settings to finish the process.

Report this User

Report this user for behavior that violates our Community Guidelines.

Details: